Caricamento...

Live a little /

At the age of 90-something, Beryl Dusinbery is forgetting everything - including her own children. She spends her days stitching morbid samplers and tormenting her two long-suffering carers, Nastya and Euphoria, with tangled stories of her husbands and love affairs. Shimi Carmelli can do up his own...

Descrizione completa

Dettagli Bibliografici
Autore principale: Jacobson, Howard
Natura: Printed Book
Lingua:English
Pubblicazione: UK : Penguin Random House, 2019.
Soggetti:
LEADER 02249cam a22003857i 4500
008 190304s2019 enka 000 f eng
010 |a  2019452132 
015 |a GBB984428  |2 bnb 
016 7 |a 019395005  |2 Uk 
020 |a 9781787331433 
020 |a 1787331431 
020 |a 9781787331440 
020 |a 178733144X 
020 |z 9781473563803 
035 |a (OCoLC)on1105959873 
042 |a lccopycat 
043 |a e-uk-en 
082 0 4 |a 823.914J6  |2 23 
100 1 |a Jacobson, Howard, 
245 1 0 |a Live a little /  |c Howard Jacobson. 
260 |b Penguin Random House,  |c 2019.  |a UK : 
300 |a 279p. ;  |b ill. ;  |c 24 cm. 
520 |a At the age of 90-something, Beryl Dusinbery is forgetting everything - including her own children. She spends her days stitching morbid samplers and tormenting her two long-suffering carers, Nastya and Euphoria, with tangled stories of her husbands and love affairs. Shimi Carmelli can do up his own buttons, walks without the aid of a frame and speaks without spitting. Among the widows of North London, he's whispered about as the last of the eligible bachelors. Unlike Beryl, he forgets nothing - especially not the shame of a childhood incident that has hung over him like an oppressive cloud ever since. There's very little life remaining for either of them, but perhaps just enough to heal some of the hurt inflicted along the way, and find new meaning in what's left. Told with Jacobson's trademark wit and style, Live a Little is in equal parts funny, irreverent and tender - a novel to make you consider all the paths not taken, and whether you could still change course. 
650 7 |a English fiction  |2 fast  |9 975687 
650 0 |a Older people  |v Fiction. 
650 0 |a Man-woman relationships  |v Fiction. 
650 0 |a Interpersonal relations  |v Fiction. 
651 0 |a London (England)  |v Fiction. 
776 0 8 |i Ebook version :  |z 9781473563803 
906 |a 7  |b cbc  |c copycat  |d 3  |e ncip  |f 20  |g y-gencatlg 
942 |2 ddc  |c BK 
955 |b hf07 2019-11-19 z-processor  |i hf07 2019-11-22 to BCCD 
955 |a ve14 2019-09-13 
999 |c 351637  |d 351637 
952 |0 0  |1 0  |2 ddc  |4 0  |6 823_000000000000000_914J6_LIV  |7 0  |9 406300  |a UL  |b UL  |c ST1  |d 2020-07-14  |g 443.26  |i 102899  |o 823.914J6 LIV  |p 102899  |r 2020-07-14  |v 599.00  |y BK